| 000 | 00511nam a22001817a 4500 | ||
|---|---|---|---|
| 003 | OSt | ||
| 005 | 20241029153147.0 | ||
| 008 | 241029b |||||||| |||| 00| 0 eng d | ||
| 040 | _cSBCL | ||
| 082 |
_a954 _bKAC-V |
||
| 100 | _aKachiramattam,John | ||
| 245 | _aVeluthambi Dalavayum Kundara Vilambaravum | ||
| 250 | _a1st ed. | ||
| 260 |
_aErattupetta _bDR. Kachiramattam Foundation _c2010 |
||
| 300 | _a124p. | ||
| 650 |
_2History & geography _aHistory of Asia; Far East _vSouth Asia; India |
||
| 942 | _cBOOK | ||
| 999 |
_c136412 _d136412 |
||